000 01809cam a2200517 i 4500
001 35298
003 KOSZ 005
005 20250423115755.0
008 160722s1996 pl a g 000 0 pol
015 _aUWD 1997/2331
020 _a8371740166
035 _a991004710739705066
035 _a(PL-WaBN)b11242693-48omnis_nlop
035 _ab11242693
035 _a(OCoLC)750887718
035 _axx001631891
035 _a(PL)b0000001124269
035 _a(EXLNZ-48OMNIS_NETWORK)9910143540405606
040 _aWA N
_cWA N
_dKOSZ 005/RW
046 _k1996
080 _a356.3(438)
080 _a272
080 _a27-46/-48(438)
100 1 _aSokołowski, Tadeusz
_c(nauki o bezpieczeństwie)
_eAutor
245 1 0 _aUsytuowanie i funkcjonowanie duszpasterstwa w Wojsku Polskim /
_cTadeusz Sokołowski ; Ministerstwo Obrony Narodowej. Biuro Parlamentarne.
260 _aToruń :
_bWydawnictwo Adam Marszałek,
_ccopyright 1996.
300 _a118 stron :
_bilustracje ;
_c21 cm.
336 _aTekst
_btxt
_2rdacontent
337 _aBez urządzenia pośredniczącego
_bn
_2rdamedia
338 _aWolumin
_bnc
_2rdacarrier
380 _aKsiążki
380 _aPublikacje popularnonaukowe
388 1 _a1901-2000
388 1 _a1989-2000
504 _aBibliografia na stronach 59-61.
650 7 _aDuszpasterstwo wojskowe
_2DBN
650 7 _aKatolicyzm
_2DBN
651 7 _aPolska
_2DBN
655 7 _aOpracowanie
658 _aReligia i duchowość
710 2 _aMinisterstwo Obrony Narodowej (Polska)
710 2 _aWydawnictwo Adam Marszałek
_4pbl
856 _uhttps://koha.tu.koszalin.pl/cgi-bin/koha/opac-detail.pl?biblionumber=35298
_yKatalog online BPK
942 _2UKD
_cKS
999 _c35298
_d35298